| 000 | 01016cam a22003131 4500 | ||
|---|---|---|---|
| 005 | 20260322212043.0 | ||
| 008 | data | ||
| 010 | _a 55010340 | ||
| 040 |
_aDLC _cDLC _dDLC |
||
| 041 | 1 | _aengfre | |
| 050 | 0 | 0 |
_aAC1 _b.G72 vol. 33 |
| 082 | 0 | 0 |
_a284.84 _a284.84 |
| 100 | 1 |
_aPascal, Blaise, _d1623-1662. |
|
| 240 | 1 | 0 |
_aSelections. _lEnglish. _f1955 |
| 245 | 1 | 4 |
_aThe provincial letters/ _cBlaise Pascal ... [et al.]. |
| 260 |
_aChicago, _bEncyclopædia Britannica _c[1955, c1952] |
||
| 300 |
_avi, 487 p. _billus. _c25 cm. |
||
| 490 | 0 | _aGreat books of the Western World, v. 33 | |
| 610 | 2 | 0 | _aJesuits. |
| 610 | 2 | 0 | _aPort-Royal des Champs (Abbey) |
| 650 | 0 |
_aJansenists _zFrance. |
|
| 700 | 1 |
_aPascal, Blaise, _d1623-1662. _tPensées. _f(Eng. 1955) |
|
| 700 | 1 |
_aPascal, Blaise, _d1623-1662. _tScientific treatises. 1955. |
|
| 700 | 1 |
_aM'Crie, Thomas, _d1797-1875, _etr. |
|
| 700 | 1 |
_aTrotter, W. F. _db. 1871, _q(William Finlayson), _etr. |
|
| 700 | 1 |
_aScofield, Richard, _etr. |
|
| 740 | _aPensées. | ||
| 001 | data | ||
| 999 |
_c1016 _d1016 |
||